بلوغ المرام من أدلة الأحكام / (رقم التسجيلة. 91277)

تفاصيل مارك
000 -الفاتح
عناصر البيانات ثابتة الطول 00815cam a2200205 i 4500
005 - تاريخ ووقت آخر معاملة
حقل ضبط 20251130121248.0
008 - عناصر البيانات ثابتة الطول
عناصر البيانات ثابتة الطول 250721s2004 su gr 000 0 ara d
082 14 - رقم تصنيف ديوي العشري
رقم التصنيف 213.62
رقم المادة ع س ق
100 1# - مدخل رئيسي – اسم شخصي
الاسم الشخصي العسقلاني، الحافظ ابن حجر
علاقة الشخص بالعمل/ دوره مؤلف.
245 10 - بيان العنوان
العنوان بلوغ المرام من أدلة الأحكام /
بيان المسؤولية تأليف الحافظ ابن حجر العسقلاني ؛ تحقيق حازم القاضي.
250 ## - بيان الطبعة
بيان الطبعة الطبعة الثانية.
264 31 - بيانات النشر، التوزيع…إلخ
مكان النشر، التوزيع...إلخ مكة المكرمة :
اسم الناشر، الموزع...إلخ مكتبة نزار مصطفى الباز،
تاريخ النشر، التوزيع...إلخ 2004.
300 ## - الوصف المادي
عدد الوحدات المكونة للوعاء 272 صفحة.
650 17 - مدخل إضافي بالموضوع - مصطلح موضوعي
مصطلح موضوعي أو اسم جغرافي كعنصر مدخل الأحكام الشرعية.
650 17 - مدخل إضافي بالموضوع - مصطلح موضوعي
مصطلح موضوعي أو اسم جغرافي كعنصر مدخل الفقه الإسلامي.
650 17 - مدخل إضافي بالموضوع - مصطلح موضوعي
مصطلح موضوعي أو اسم جغرافي كعنصر مدخل الأحاديث.
700 1# - مدخل إضافي - اسم شخصي
الاسم الشخصي القاضي، حازمك
علاقة الشخص بالعمل/ دوره محقق.
942 ## - بيانات إضافية (كوها)
نوع التنصيف Dewey Decimal Classification
نوع المادة (كوها) كتب
المقتنيات
حالة السحب حالة الفقدان مصدر التصنيف حالة التلف غير قابل للإعارة المكتبة الرئيسية المكتبة الحالية موقع الرف تاريخ التزويد الرقم المتسلسل Total Checkouts رقم الإستدعاء الباركود تاريخ آخر ظهور تاريخ الفاتورة نوع المادة (كوها)
    Dewey Decimal Classification     المكتبة المركزية المكتبة المركزية الإعارة 28/07/2025 809003   213.62/عسق 809003 28/07/2025 28/07/2025 كتب
    Dewey Decimal Classification   Not For Loan المكتبة المركزية المكتبة المركزية مقتنيات قسم التزويد 28/07/2025 809004   213.62/عسق 809004 28/07/2025 28/07/2025 كتب
    Dewey Decimal Classification   Not For Loan المكتبة المركزية المكتبة المركزية مقتنيات قسم التزويد 28/07/2025 809005   213.62/عسق 809005 28/07/2025 28/07/2025 كتب
    Dewey Decimal Classification   Not For Loan المكتبة المركزية المكتبة المركزية مقتنيات قسم التزويد 28/07/2025 809006   213.62/عسق 809006 28/07/2025 28/07/2025 كتب
    Dewey Decimal Classification     المكتبة المركزية المكتبة المركزية الإعارة 09/08/2016 1626965   213.62 / ع س ق PLD00393683 28/07/2025 09/08/2016 كتب
    Dewey Decimal Classification     مكتبة أبو علندا العامة مكتبة أبو علندا العامة الإعارة 28/07/2025 809011   213.62/عسق 809011 28/07/2025 28/07/2025 كتب
    Dewey Decimal Classification     مكتبة الأميرة ايمان العامة مكتبة الأميرة ايمان العامة الإعارة 28/07/2025 809007   213.62/عسق 809007 28/07/2025 28/07/2025 كتب
    Dewey Decimal Classification     مكتبة حمزة العامة مكتبة حمزة العامة الإعارة 28/07/2025 809010   213.62/عسق 809010 28/07/2025 28/07/2025 كتب
    Dewey Decimal Classification     مكتبة صويلح العامة مكتبة صويلح العامة الإعارة 28/07/2025 809008   213.62/عسق 809008 28/07/2025 28/07/2025 كتب
Implemented & Customized by: BBB with SCIT (Smart Chains for Information Technology)

Powered by Koha